Books by Author Click Quiz #2 - Statistics

General Stats
  • This quiz has been taken 324 times
  • The average score is 23 of 32
Answer Stats
Hint Answer % Correct
Pride and Prejudice Jane Austen
94%
The Lion, the Witch, and the Wardrobe C. S. Lewis
91%
Sense and Sensibility Jane Austen
91%
King Lear William Shakespeare
91%
A Midsummer Night's Dream William Shakespeare
91%
Murder on the Orient Express Agatha Christie
89%
The Adventures of Sherlock Holmes Arthur Conan Doyle
89%
Emma Jane Austen
89%
The Hound of the Baskervilles Arthur Conan Doyle
86%
The Old Man and the Sea Ernest Hemingway
85%
Ulysses James Joyce
84%
The Merchant of Venice William Shakespeare
83%
The Tempest William Shakespeare
78%
A Farewell to Arms Ernest Hemingway
77%
Dubliners James Joyce
77%
Taras Bulba Nikolai Gogol
76%
Prince Caspian C. S. Lewis
75%
For Whom the Bell Tolls Ernest Hemingway
74%
The Murder of Roger Ackroyd Agatha Christie
72%
Persuasion Jane Austen
71%
Finnegans Wake James Joyce
70%
And Then There Were None Agatha Christie
67%
The Mysterious Affair at Styles Agatha Christie
63%
Dead Souls Nikolai Gogol
62%
The Sun Also Rises Ernest Hemingway
61%
The Magician's Nephew C. S. Lewis
59%
A Study in Scarlet Arthur Conan Doyle
58%
A Portrait of the Artist as a Young Man James Joyce
57%
The Overcoat Nikolai Gogol
56%
The Government Inspector Nikolai Gogol
49%
The Horse and His Boy C. S. Lewis
46%
The Sign of Four Arthur Conan Doyle
41%
No matching quizzes found
Score Distribution
Percent of People with Each Score
Percentile by Number Answered
Your Score History
You have not taken this quiz